76ers Starting Lineups (2005-2015) - Statistics

General Stats
  • This quiz has been taken 8 times
  • The average score is 19 of 50
Answer Stats
Hint Answer % Correct
PG Allen Iverson
75%
SF Andre Iguodala
75%
SF Andre Iguodala
75%
SG Andre Iguodala
75%
SF Andre Iguodala
75%
SF Andre Iguodala
75%
SF Andre Iguodala
75%
SF Andre Iguodala
75%
PG Jrue Holiday
63%
PG Jrue Holiday
63%
PG Jrue Holiday
63%
PG Michael Carter-Williams
63%
PG Michael Carter-Williams
63%
C Nerlens Noel
50%
SG Robert Covington
50%
C Samuel Dalembert
50%
C Samuel Dalembert
50%
C Samuel Dalembert
50%
C Samuel Dalembert
50%
C Samuel Dalembert
50%
PF Thaddeus Young
50%
PF Thaddeus Young
50%
SF Thaddeus Young
50%
PF Thaddeus Young
50%
PF Elton Brand
38%
PF Elton Brand
38%
PF Elton Brand
38%
SF Evan Turner
38%
SF Evan Turner
38%
SG Kyle Korver
38%
PG Andre Miller
25%
PG Andre Miller
25%
PG Andre Miller
25%
PF Chris Webber
25%
SG Jason Richardson
25%
PG Lou Williams
25%
C Spencer Hawes
25%
C Spencer Hawes
25%
SG James Anderson
13%
PF Luc Richard Mbah a Moute
13%
C Nikola Vucevic
13%
SF JaKarr Sampson
0%
SG Jodie Meeks
0%
SG Jodie Meeks
0%
C Lavoy Allen
0%
PF Reggie Evans
0%
SG Rodney Carney
0%
PF Steven Hunter
0%
SG Willie Green
0%
SG Willie Green
0%
No matching quizzes found
Score Distribution
Percent of People with Each Score
Percentile by Number Answered
Your Score History
You have not taken this quiz